000 01023nmm a2200277 a 4500
001 ocm000713155
003 TR-IsHL
005 20201028123917.0
008 130902s2004 tu tur
007 cr cn
020 _a9789754826449
035 _a713155
_b(N$T)
050 0 4 _aLB1727.T9
_bE35 2004
090 0 4 _aLB1727.T9
_bE35 2004
245 1 0 _aEğitim bilimleri bakış açısıyla eğitimin güncel sorunları ve çözüm önerileri 10-11 Şubat 2004: sonuç bildirgesi
_h[electronic resource]
260 _aAnkara :
_bAnkara Üniversitesi Eğitim Bilimleri Fakültesi,
_c2004
300 _a147 p.
650 4 _aEğitim
650 4 _aEducation
650 0 _aEğitim
_x Türkiye
_x Kongreler
650 0 _aEducation
_x Turkey
_x Congresses.
650 0 _aYükseköğretim
_x Türkiye
_x Kongreler
650 0 _aEducation, Higher
_x Turkey
_x Congresses
650 7 _aEDUCATION / Higher
_2bisacsh
856 4 0 _uhttp://search.ebscohost.com/login.aspx?direct=true&scope=site&db=e011xww&AN=713155
999 _c2668
_d2668